Central Library OPAC University of Rajshahi

General geology / (Record no. 72311)

MARC details
000 -LEADER
fixed length control field 00630nam a2200229 a 4500
001 - CONTROL NUMBER
control field 72311
003 - CONTROL NUMBER IDENTIFIER
rucl marc code BD-RjUL
005 - DATE AND TIME OF LATEST TRANSACTION
control field 20211209082238.0
008 - FIXED-LENGTH DATA ELEMENTS--GENERAL INFORMATION
fixed length control field 170516s1978 ohua b 001 0 eng d
035 ## - SYSTEM CONTROL NUMBER
System control number (BD-RjUL)72528
040 ## - CATALOGING SOURCE
Original cataloging agency WASKC
Language of cataloging eng
Transcribing agency WASKC
Modifying agency BD-RjUL
041 ## - LANGUAGE CODE
Language code of text/sound track or separate title eng
082 14 - DEWEY DECIMAL CLASSIFICATION NUMBER
Classification number 551
Edition number 23
Author mark and year FOG 1978
100 1# - MAIN ENTRY--PERSONAL NAME
Personal name Foster, Robert J.
9 (RLIN) 204057
245 10 - TITLE STATEMENT
Title General geology /
Statement of responsibility, etc. Robert J. Foster
250 ## - EDITION STATEMENT
Edition statement 3th ed.
260 ## - PUBLICATION, DISTRIBUTION, ETC. (IMPRINT)
Place of publication, distribution, etc. Columbus, Ohio :
Name of publisher, distributor, etc. C.E. Merrill,
Date of publication, distribution, etc. 1978
300 ## - PHYSICAL DESCRIPTION
Pagination xiii, 576 p. :
Illustrations ill. ;
Size 26 cm.
504 ## - BIBLIOGRAPHY, ETC. NOTE
Bibliography, etc Includes bibliographies and index.
650 #0 - SUBJECT ADDED ENTRY--TOPICAL TERM
Topical term or geographic name as entry element Geology.
9 (RLIN) 204058
942 ## - ADDED ENTRY ELEMENTS (KOHA)
Source of classification or shelving scheme Dewey Decimal Classification
Koha item type Books
Holdings
Lost status Source of classification or shelving scheme Damaged status Not for loan Collection code Permanent Location Current Location Shelving location Date acquired Source of acquisition Cost, normal purchase price Total Checkouts Full call number Date last seen Copy number Koha item type
  Dewey Decimal Classification   Not For Loan Non-fiction Central Library, University of Rajshahi Central Library, University of Rajshahi Reading Room 24/10/1992 Asia Foundation 0.00   551 FOG 1978 16/05/2017 C-1 Books
  Dewey Decimal Classification     Non-fiction Central Library, University of Rajshahi Central Library, University of Rajshahi   24/10/1992 Asia Foundation 0.00   551 FOG 1978 16/05/2017 C-2 Books
  Dewey Decimal Classification     Non-fiction Central Library, University of Rajshahi Central Library, University of Rajshahi   24/10/1992 Asia Foundation 0.00   551 FOG 1978 16/05/2017 C-3 Books
  Dewey Decimal Classification     Non-fiction Central Library, University of Rajshahi Central Library, University of Rajshahi   24/10/1992 Asia Foundation 0.00   551 FOG 1978 16/05/2017 C-4 Books
  Dewey Decimal Classification     Non-fiction Central Library, University of Rajshahi Central Library, University of Rajshahi General Stacks 03/08/1983       551 FOG 1978 08/10/2024 C-5 Books